| 000 | 00762nas a2200253 454500 | ||
|---|---|---|---|
| 001 | 43748 | ||
| 005 | 20260407193511.0 | ||
| 008 | 260407s1970####ag###########|||spa#d | ||
| 003 | AR-UNSa-BCEJYS | ||
| 040 |
_aAR-UNSa-BCEJYS _bspa _cAR-UNSa-BCEJYS |
||
| 080 |
_a330 _xEconomía en general |
||
| 245 | 1 | 0 | _aÉconomie appliquée |
| 022 | _a0013-0494 | ||
| 264 | 1 |
_aParis : _bI.S.M.E.A. _c1970 |
|
| 310 | _aFrecuencia: Trimestral | ||
| 041 | _aspa | ||
| 942 | _cSER | ||
| 590 | _aniveau_biblio:s niveau_hierar:1 | ||
| 100 | 1 | _aInstitut de Sciences Mathématiques et Économiques Appliquées | |
| 650 | _aFrancia | ||
| 650 | _aEuropa | ||
| 650 | _aECONOMIA | ||
| 856 | 4 | 1 |
_uhttps://biblioeco.unsa.edu.ar/pmb/images/revistas/R21366.jpg _yImagen de portada _qimage/jpeg |
| 999 |
_c8909 _d8909 |
||